<?xml version="1.0" encoding="UTF-8"?>
<record
    xmlns:xsi="http://www.w3.org/2001/XMLSchema-instance"
    xsi:schemaLocation="http://www.loc.gov/MARC21/slim http://www.loc.gov/standards/marcxml/schema/MARC21slim.xsd"
    xmlns="http://www.loc.gov/MARC21/slim">

  <leader>00434nam a22001697a 4500</leader>
  <controlfield tag="003">0</controlfield>
  <controlfield tag="005">20230926095358.0</controlfield>
  <controlfield tag="008">230926b        xxu||||| |||| 00| 0 eng d</controlfield>
  <datafield tag="020" ind1=" " ind2=" ">
    <subfield code="a">978-1-77275-487-2</subfield>
  </datafield>
  <datafield tag="050" ind1=" " ind2=" ">
    <subfield code="a">PZ 7</subfield>
    <subfield code="b"> .C37 2017</subfield>
  </datafield>
  <datafield tag="245" ind1=" " ind2=" ">
    <subfield code="a">Cars 3 : cinestory comic</subfield>
  </datafield>
  <datafield tag="260" ind1=" " ind2=" ">
    <subfield code="a">Canada</subfield>
    <subfield code="b">Joe Books Ltd. </subfield>
    <subfield code="c">c2017.</subfield>
  </datafield>
  <datafield tag="300" ind1=" " ind2=" ">
    <subfield code="a">346 pages :</subfield>
    <subfield code="b">col. ill. ; </subfield>
    <subfield code="c">21cm. </subfield>
  </datafield>
  <datafield tag="500" ind1=" " ind2=" ">
    <subfield code="a">Fiction. </subfield>
  </datafield>
  <datafield tag="650" ind1=" " ind2=" ">
    <subfield code="a">Fiction.</subfield>
  </datafield>
  <datafield tag="942" ind1=" " ind2=" ">
    <subfield code="2">lcc</subfield>
    <subfield code="c">BK</subfield>
  </datafield>
  <datafield tag="999" ind1=" " ind2=" ">
    <subfield code="c">365406</subfield>
    <subfield code="d">365406</subfield>
  </datafield>
  <datafield tag="952" ind1=" " ind2=" ">
    <subfield code="0">0</subfield>
    <subfield code="1">0</subfield>
    <subfield code="2">lcc</subfield>
    <subfield code="4">0</subfield>
    <subfield code="a">LUX</subfield>
    <subfield code="b">LUX</subfield>
    <subfield code="c">TR</subfield>
    <subfield code="d">2023-09-26</subfield>
    <subfield code="e">Library Fund</subfield>
    <subfield code="k">TR</subfield>
    <subfield code="l">0</subfield>
    <subfield code="o">PZ 7  .C37 2017</subfield>
    <subfield code="p">21085</subfield>
    <subfield code="r">2023-09-26 00:00:00</subfield>
    <subfield code="w">2023-09-26</subfield>
    <subfield code="y">BK</subfield>
  </datafield>
</record>
